African Countries By Last Two Letters - Statistics

General Stats
  • This quiz has been taken 190 times
  • The average score is 43 of 54
Answers on the Map
Answers color-coded by a green-red scale on the quiz's map according to % correct below.
 
Answer Stats
Answer % Correct
Algeria
100%
Ethiopia
100%
Gambia
100%
Liberia
100%
Mauritania
100%
Namibia
100%
Nigeria
100%
Somalia
100%
Tanzania
100%
Tunisia
100%
Zambia
100%
South Sudan
98%
Sudan
98%
Congo (Rep. Of)
96%
D.R Congo
96%
Togo
96%
Morocco
95%
Egypt
93%
Chad
92%
Kenya
92%
Libya
92%
South Africa
92%
Ghana
90%
Mali
89%
Botswana
88%
Madagascar
87%
Niger
83%
Mozambique
80%
Equatorial Guinea
79%
Eritrea
79%
Guinea
79%
Angola
77%
Central African Republic
77%
Senegal
73%
Rwanda
72%
Cameroon
71%
Gabon
71%
Ivory Coast
71%
Zimbabwe
71%
Lesotho
70%
Uganda
70%
Eswatini
63%
Malawi
61%
Benin
60%
Burkina Faso
58%
Cape Verde
58%
Burundi
52%
Mauritius
52%
Seychelles
52%
Comoros
51%
Sierra Leone
50%
Djibouti
49%
São Tomé and Príncipe
47%
Guinea-Bissau
45%
No matching quizzes found
Score Distribution
Percent of People with Each Score
Percentile by Number Answered
Your Score History
You have not taken this quiz